| 000 | 00800nam a2200313Ia 4500 | ||
|---|---|---|---|
| 003 | 20180125131447.0 | ||
| 005 | 20180125131521.0 | ||
| 008 | 171025s9999 xx 000 0 und d | ||
| 020 | _a590491059 | ||
| 050 | _a372.4 | ||
| 050 | _bSc368v 1996 | ||
| 100 | _aScholastic | ||
| 245 | _aVoyagers : | ||
| 245 | _bteamwork : we depend on a network of people when we explore / | ||
| 245 | _cby Scholastic. | ||
| 260 | _aUSA : | ||
| 260 | _bScholastic, | ||
| 260 | _c1996 | ||
| 300 | _a144 pages : | ||
| 300 | _bcolored illustrations ; | ||
| 300 | _c28cm. | ||
| 440 | _aScholastic literacy place. | ||
| 500 | _aIncludes glossary. | ||
| 650 | _aLanguage arts (Elementary). | ||
| 650 | _aReading (Elementary). | ||
| 700 | _aSeries. | ||
| 700 | _aTitle. | ||
| 942 |
_2ddc _cBK |
||
| 999 |
_c344696 _d344696 |
||